The Iraq War / (Record no. 9883)

MARC details
000 -LEADER
fixed length control field 01869cam a2200325 a 4500
001 - CONTROL NUMBER
control field 16109258
003 - CONTROL NUMBER IDENTIFIER
control field mut
005 - DATE AND TIME OF LATEST TRANSACTION
control field 20240606081125.0
008 - FIXED-LENGTH DATA ELEMENTS--GENERAL INFORMATION
fixed length control field 100226s2010 miu j b 001 0 eng
010 ## - LIBRARY OF CONGRESS CONTROL NUMBER
LC control number 2010007133
020 ## - INTERNATIONAL STANDARD BOOK NUMBER
International Standard Book Number 9780737750102 (hardcover)
020 ## - INTERNATIONAL STANDARD BOOK NUMBER
International Standard Book Number 0737750103 (hardcover)
035 ## - SYSTEM CONTROL NUMBER
System control number (OCoLC)ocn535494232
040 ## - CATALOGING SOURCE
Original cataloging agency DLC
Transcribing agency DLC
Modifying agency YDX
-- BTCTA
-- YDXCP
-- QBX
-- VQT
-- DLC
042 ## - AUTHENTICATION CODE
Authentication code pcc
043 ## - GEOGRAPHIC AREA CODE
Geographic area code a-iq---
050 00 - LIBRARY OF CONGRESS CALL NUMBER
Classification number DS79.763
Item number .I763 2010
082 00 - DEWEY DECIMAL CLASSIFICATION NUMBER
Classification number 956.7044/3
Edition information 22
245 04 - TITLE STATEMENT
Title The Iraq War /
260 ## - PUBLICATION, DISTRIBUTION, ETC.
Place of publication, distribution, etc. Detroit :
Name of publisher, distributor, etc. Greenhaven Press,
Date of publication, distribution, etc. c2010.
300 ## - PHYSICAL DESCRIPTION
Extent 130 p. ;
Dimensions 24 cm.
490 0# - SERIES STATEMENT
Series statement Social issues firsthand
504 ## - BIBLIOGRAPHY, ETC. NOTE
Bibliography, etc. note Includes bibliographical references (p. 124-126) and index.
505 0# - FORMATTED CONTENTS NOTE
Formatted contents note Civilians prepare for war / Thura al-Windawi -- Invading Iraq / Mike Ryan -- Keeping the peace / Jonathan Moss -- Visiting a friend in war-torn Iraq / Hannah Allam -- A journalist travels inside Iraq / Michael Massing -- Living inside a war zone / Riverbend -- Balancing family and military service / Anthony Agee -- My son is a soldier in Iraq / Teri Wills Allison -- The everyday life of Iraq war veterans / Colby Buzzell -- Being the wife of a wounded Marine / Karie Fugett -- My journey with an Iraqi refugee / Jennifer Utz -- Avoiding an unnecessary war / Jim McDermott -- The reasons for war / George W. Bush -- The madness of war profiteering / Robert Greenwald -- A peace movement honors my son's legacy / Cindy Sheehan -- A soldier's father supports the war / Mark Eifert.
650 #0 - SUBJECT ADDED ENTRY--TOPICAL TERM
Topical term or geographic name entry element Iraq War, 2003-2011
Form subdivision Juvenile literature.
700 1# - ADDED ENTRY--PERSONAL NAME
Personal name Lankford, Ronald D.,
Dates associated with a name 1962-
906 ## - LOCAL DATA ELEMENT F, LDF (RLIN)
a 7
b cbc
c orignew
d 1
e ecip
f 20
g y-gencatlg
942 ## - ADDED ENTRY ELEMENTS (KOHA)
Source of classification or shelving scheme Library of Congress Classification
Koha item type Books
Holdings
Withdrawn status Lost status Source of classification or shelving scheme Damaged status Not for loan Home library Current library Date acquired Total checkouts Full call number Barcode Date last seen Price effective from Koha item type
    Library of Congress Classification     Murang'a University of Technology Library Murang'a University of Technology Library 24/05/2017   DS79.763 .I763 2010 010573 30/08/2024 24/05/2017 Books